Handbook of research on entrepreneurship policies in central and eastern Europe / (Record no. 18142)
[ view plain ]
| 000 -LEADER | |
|---|---|
| fixed length control field | 01216pam a2200325 a 4500 |
| 001 - CONTROL NUMBER | |
| control field | 015644984 |
| 003 - CONTROL NUMBER IDENTIFIER | |
| control field | OSt |
| 005 - DATE AND TIME OF LATEST TRANSACTION | |
| control field | 20201128021036.0 |
| 008 - FIXED-LENGTH DATA ELEMENTS--GENERAL INFORMATION | |
| fixed length control field | 100824t2011 xxka frbf 001 0 eng d |
| 020 ## - INTERNATIONAL STANDARD BOOK NUMBER | |
| International Standard Book Number | 9781848440869 (hbk.) |
| 020 ## - INTERNATIONAL STANDARD BOOK NUMBER | |
| International Standard Book Number | 1848440863 (hbk.) |
| 040 ## - CATALOGING SOURCE | |
| Original cataloging agency | StDuBDS |
| Language of cataloging | eng |
| Transcribing agency | StDuBDS |
| Modifying agency | Uk |
| 043 ## - GEOGRAPHIC AREA CODE | |
| Geographic area code | e------ |
| 082 04 - DEWEY DECIMAL CLASSIFICATION NUMBER | |
| Classification number | 381.0943 |
| Edition number | 22 |
| Item number | HAN |
| 245 00 - TITLE STATEMENT | |
| Title | Handbook of research on entrepreneurship policies in central and eastern Europe / |
| Statement of responsibility, etc | edited by Friederike Welter, David Smallbone. |
| 260 ## - PUBLICATION, DISTRIBUTION, ETC. (IMPRINT) | |
| Place of publication, distribution, etc | Cheltenham, United Kingdom ; |
| -- | Northampton, United States : |
| Name of publisher, distributor, etc | Edward Elgar, |
| Date of publication, distribution, etc | c.2011 |
| Manufacturer | (MPG Books Group) |
| 300 ## - PHYSICAL DESCRIPTION | |
| Extent | ix, 261 p. : |
| Other physical details | ill. ; |
| Dimensions | 24 cm. |
| 490 0# - Series Statement | |
| Series statement | Elgar original reference |
| 500 ## - GENERAL NOTE | |
| General note | Index : p. 241-261. |
| 504 ## - BIBLIOGRAPHY, ETC. NOTE | |
| Bibliography, etc | Includes bibliographical references. |
| 650 #0 - SUBJECT ADDED ENTRY--TOPICAL TERM | |
| Topical term or geographic name as entry element | Entrepreneurship |
| Geographic subdivision | Europe, Central |
| 9 (RLIN) | 35732 |
| 650 #0 - SUBJECT ADDED ENTRY--TOPICAL TERM | |
| Topical term or geographic name as entry element | Entrepreneurship |
| Geographic subdivision | Europe, Eastern |
| 9 (RLIN) | 35733 |
| 651 #0 - SUBJECT ADDED ENTRY--GEOGRAPHIC NAME | |
| Geographic name | Europe, Central |
| General subdivision | Commercial policy |
| 9 (RLIN) | 35734 |
| 651 #0 - SUBJECT ADDED ENTRY--GEOGRAPHIC NAME | |
| Geographic name | Europe, Eastern |
| General subdivision | Commercial policy |
| 9 (RLIN) | 35735 |
| 653 ## - INDEX TERM--UNCONTROLLED | |
| Resource For college | BAEPS, Business Administration |
| Arrived date list | March2014 |
| 655 ## - INDEX TERM--GENRE/FORM | |
| Form subdivision | |
| -- | 34232 |
| 700 1# - ADDED ENTRY--PERSONAL NAME | |
| Personal name | Welter, Friederike |
| 9 (RLIN) | 2243 |
| Relator term | editor. |
| 700 1# - ADDED ENTRY--PERSONAL NAME | |
| Personal name | Smallbone, David |
| 9 (RLIN) | 35736 |
| Relator term | editor. |
| 942 ## - ADDED ENTRY ELEMENTS (KOHA) | |
| Source of classification or shelving scheme | Dewey Decimal Classification |
| Call number prefix | 381.0943 HAN |
| Withdrawn status | Item status | Source of classification or shelving scheme | Damaged status | Not for loan | Vendor | Home library | Current library | Shelving location | Date acquired | Source of acquisition | Cost, normal purchase price | Total Checkouts | Full call number | Barcode | Date last seen | Cost, replacement price | Koha item type |
|---|---|---|---|---|---|---|---|---|---|---|---|---|---|---|---|---|---|
| Dewey Decimal Classification | Baccah | Central Library | Central Library | First floor | 23/03/2014 | 1150.00 | 381.0943 HAN | 000035785 | 15/07/2025 | 1437.50 | Book - Borrowing |